000 00517nam a2200169Ia 4500
008 090711s9999 xx 000 0 und d
082 _b1896
100 _aकोल्हटकर िSां. ग.
245 _aबहुरू पी
260 _bमौज प्रकाशन
_c1963
300 _a480
600 _aकोल्हटकर िSां. ग.
630 _aबहुरू पी
700 _aकोल्हटकर िSां. ग.
730 _aबहुरू पी
942 _cBOOK
999 _c338942
_d338939